Musica antiqua. Folia musica /

"Dissertationes ad musicae historiam et theoriam spectantes."

Bibliographic Details
Corporate Author: Filharmonia Pomorska im. I. Paderewskiego w Bydgoszczy
Format: Serial
Language:Multiple languages
Published: Bydgoszcz : [publisher not identified], 1983-
Subjects:

MARC

Tag First Indicator Second Indicator Subfields
LEADER 00000cas a2200000 a 4500
001 in00002016116
005 20151031152405.0
008 910628u1983uuuupl uu m 0 0mul d
010 |a sn 91028304  
035 |a (OCoLC)ocm24008140 
040 |a IUL  |c IUL  |d OCLCQ  |d TXA  |d UtOrBLW 
042 |a lcd 
049 |a TXAM 
050 1 4 |a ML5  |b .M585 
245 0 0 |a Musica antiqua.  |p Folia musica /  |c Filharmonia Pomorska im. I. Paderewskiego w Bydgoszczy. 
246 3 0 |a Folia musica 
264 1 |a Bydgoszcz :  |b [publisher not identified],  |c 1983- 
300 |a volumes ;  |c 20 cm. 
336 |a text  |b txt  |2 rdacontent 
337 |a unmediated  |b n  |2 rdamedia 
338 |a volume  |b nc  |2 rdacarrier 
362 0 |a Vol. 1, no. 1- 
500 |a Title from cover. 
520 |a "Dissertationes ad musicae historiam et theoriam spectantes." 
650 0 |a Music  |y To 1500. 
710 2 |a Filharmonia Pomorska im. I. Paderewskiego w Bydgoszczy. 
850 |a InU 
936 |a Vol. 2, no. 4 published in 1984 LIC 
994 |a E0  |b TXA 
948 |a Cataloged  |b h  |c 2004/12/13  |d c  |e mshipova  |f 11:52:51 am 
999 |a MARS 
999 f f |s c9fa4284-9cc8-33d0-aa2a-c974d563026a  |i d58cf0c3-a12d-3f75-be55-bd3ed084d106  |t 0 
952 f f |p storage  |a Texas A&M University  |b J.J. Pickle Campus  |c High Density Repository  |d Remote Storage  |t 0  |e ML5 .M585  |h Library of Congress classification  |i unmediated -- volume  |k v.1:no.1-2  |l 1983  |m A14833668915 
952 f f |p storage  |a Texas A&M University  |b J.J. Pickle Campus  |c High Density Repository  |d Remote Storage  |t 0  |e ML5 .M585  |h Library of Congress classification  |i unmediated -- volume  |k v.3:no.3-5  |l 1985  |m A14833668795 
952 f f |p storage  |a Texas A&M University  |b J.J. Pickle Campus  |c High Density Repository  |d Remote Storage  |t 0  |e ML5 .M585  |h Library of Congress classification  |i unmediated -- volume  |k v.2:no.1-4  |l 1984  |m A14833668876 
952 f f |p storage  |a Texas A&M University  |b J.J. Pickle Campus  |c High Density Repository  |d Remote Storage  |t 0  |e ML5 .M585  |h Library of Congress classification  |i unmediated -- volume  |k v.6:no.1-4  |l 1989  |m A14833669157 
998 f f |a ML5 .M585  |s v.6:no.1-4 (1989)  |t 0  |l Remote Storage